[Event "TUN-ch sf"]
[Site "Monastir"]
[Date "2024.03.22"]
[Round "2"]
[White "Chelly, Yahya"]
[Black "Chakroun, Wael"]
[Result "0-1"]
[WhiteElo "1728"]
[BlackElo "1965"]
[PlyCount "106"]
[EventDate "2024.03.21"]
[EventType "swiss"]
[EventRounds "9"]
[EventCountry "TUN"]
[SourceTitle "CB15_2024"]
[SourceDate "2024.04.10"]
[SourceVersion "1"]
[SourceVersionDate "2024.04.10"]
[SourceQuality "1"]

1. d4 Nf6 2. c4 e6 3. a3 d5 4. Nc3 Be7 5. Nf3 0-0 6. Bg5 h6 7. Bxf6 Bxf6 8. e3 c5 9. cxd5 cxd4 10. Nxd4 exd5 11. Rc1 Nc6 12. Be2 Nxd4 13. exd4 Qb6 14. Nxd5 Qa5+ 15. Nc3 Rd8 16. 0-0 Bxd4 17. Qb3 Be6 18. Bc4 Bxc4 19. Qxc4 Rac8 20. Qb3 b6 21. Rc2 Qe5 22. Rfc1 Qf4 23. Nd1 Bxf2+ 24. Nxf2 Qxc1+ 25. Rxc1 Rxc1+ 26. Nd1 Rcxd1+ 27. Kf2 R8d2+ 28. Ke3 Rd3+ 29. Qxd3 Rxd3+ 30. Kxd3 Kf8 31. Kd4 Ke7 32. Kd5 f6 33. b4 Kd7 34. b5 g6 35. h3 h5 36. g3 g5 37. a4 g4 38. h4 Ke7 39. Kc6 f5 40. Kb7 f4 41. gxf4 g3 42. Kxa7 g2 43. Kxb6 g1Q+ 44. Ka6 Kd7 45. a5 Qf1 46. Kb6 Kc8 47. a6 Kb8 48. Kc6 Qf3+ 49. Kc5 Qxf4 50. b6 Qe5+ 51. Kc6 Qe8+ 52. Kc5 Qa4 53. a7+ Kb7 0-1

[Event "Monastir Safe Tours op"]
[Site "Monastir"]
[Date "2023.06.17"]
[Round "2"]
[White "Amdouni, Zoubaier"]
[Black "Chakroun, Wael"]
[Result "1-0"]
[WhiteElo "2240"]
[BlackElo "1714"]
[PlyCount "57"]
[EventDate "2023.06.16"]
[EventType "swiss"]
[EventRounds "7"]
[EventCountry "TUN"]
[SourceTitle "EXT 2024"]
[Source "ChessBase"]
[SourceDate "2023.10.10"]
[SourceVersion "1"]
[SourceVersionDate "2023.10.10"]
[SourceQuality "1"]

1. e4 c5 2. Nf3 Nc6 3. Bb5 e6 4. Bxc6 bxc6 5. d3 Qc7 6. Qe2 Ne7 7. h4 e5 8. h5 d6 9. Nbd2 f6 10. Nf1 Be6 11. Ng3 a5 12. Nh2 a4 13. 0-0 g5 14. Ng4 Ng8 15. Qf3 Qf7 16. Bd2 Bg7 17. c4 h6 18. Ne3 Ne7 19. Nef5 Kd7 20. b3 axb3 21. axb3 Rhb8 22. Rfb1 Bf8 23. Qd1 Bxf5 24. exf5 d5 25. Rxa8 Rxa8 26. b4 Kc7 27. bxc5 dxc4 28. dxc4 Qxc4 29. Ba5+ 1-0

[Event "World School-ch U17"]
[Site "Rhodes"]
[Date "2023.04.14"]
[Round "1"]
[White "Gokcek, Kursat Bugra"]
[Black "Chakroun, Wael"]
[Result "1-0"]
[WhiteElo "2140"]
[BlackElo "1643"]
[PlyCount "131"]
[EventDate "2023.04.14"]
[EventType "swiss"]
[EventRounds "9"]
[EventCountry "GRE"]
[SourceTitle "EXT 2024"]
[Source "ChessBase"]
[SourceDate "2023.10.10"]
[SourceVersion "1"]
[SourceVersionDate "2023.10.10"]
[SourceQuality "1"]

1. e4 c5 2. Nf3 Nc6 3. d4 cxd4 4. Nxd4 Nf6 5. Nc3 e5 6. Ndb5 d6 7. Nd5 Nxd5 8. exd5 Nb8 9. a4 Be7 10. Be2 0-0 11. Bd2 f5 12. a5 a6 13. Na3 Nd7 14. 0-0 Nf6 15. Bb4 f4 16. f3 Kh8 17. Nc4 Bf5 18. Nb6 Rb8 19. c4 Nd7 20. Na4 Qe8 21. Nc3 Qg6 22. Qd2 Rbc8 23. Na4 h5 24. Kh1 h4 25. Rg1 Nf6 26. Rgd1 Nh5 27. Nb6 Rcd8 28. Bd3 Qh6 29. Qc2 Bxd3 30. Qxd3 Ng3+ 31. Kg1 Nf5 32. h3 Ne3 33. Rd2 Qg5 34. Re2 Rf6 35. Bd2 Nf5 36. Na4 Rg6 37. Nc3 Nd4 38. Rf2 Qg3 39. Be1 Qg5 40. Kh1 Rc8 41. Ne4 Qf5 42. Bc3 Bf6 43. b4 Rd8 44. Rd1 Rh6 45. Nxf6 Rxf6 46. Bxd4 exd4 47. Re2 Rc8 48. Qxf5 Rxf5 49. Rxd4 Rc7 50. Kg1 Kg8 51. Kf2 Kf7 52. Ree4 g5 53. Ke2 Rf6 54. Kd3 Rf5 55. Re6 Rd7 56. Rde4 Rf6 57. Kd4 Rf5 58. Rh6 Kg7 59. Ree6 Re5 60. c5 Re3 61. Rxe3 dxc5+ 62. bxc5 fxe3 63. Re6 Kf7 64. Rxe3 Kf6 65. Re4 Kf5 66. d6 1-0

[Event "Arab-ch U14"]
[Site "Baghdad"]
[Date "2022.03.13"]
[Round "5"]
[White "Chakroun, Wael"]
[Black "Seder, Mohamad"]
[Result "0-1"]
[WhiteElo "1439"]
[BlackElo "1787"]
[PlyCount "94"]
[EventDate "2022.03.10"]
[EventType "swiss"]
[EventRounds "9"]
[EventCountry "IRQ"]
[SourceTitle "EXT 2023"]
[Source "ChessBase"]
[SourceDate "2022.10.05"]
[SourceVersion "1"]
[SourceVersionDate "2022.10.05"]
[SourceQuality "1"]

1. e4 c5 2. Nf3 Nc6 3. Nc3 g6 4. d4 cxd4 5. Nxd4 Bg7 6. Be3 Nf6 7. Bc4 0-0 8. f3 Qb6 9. Bb3 Nxe4 10. Nd5 Qa5+ 11. c3 Nf6 12. Nxc6 bxc6 13. Nxe7+ Kh8 14. Nxc8 Raxc8 15. 0-0 d5 16. Qd4 c5 17. Qa4 Qc7 18. Qh4 Rfe8 19. Bg5 Qb6 20. Qf2 c4 21. Qxb6 axb6 22. Ba4 Re7 23. Rfe1 Ra7 24. Bc2 Nd7 25. Be3 Bf8 26. a3 Bc5 27. Rad1 Re8 28. Bf2 Rxe1+ 29. Rxe1 Nf6 30. Rd1 Re7 31. Kf1 Bxf2 32. Kxf2 Kg7 33. g4 g5 34. Bf5 h6 35. Rd4 Kf8 36. Rd2 Ke8 37. Kg3 Re3 38. Kf2 Re5 39. Kg3 Ke7 40. Bc2 Kd6 41. Kf2 h5 42. h3 h4 43. Bf5 Ne8 44. Bc2 Kc5 45. Ba4 b5 46. Bc2 Ng7 47. Bb1 Ne6 0-1

[Event "Arab-ch U14"]
[Site "Baghdad"]
[Date "2022.03.11"]
[Round "2"]
[White "Chakroun, Wael"]
[Black "Hussein, Maher Nadham"]
[Result "1-0"]
[WhiteElo "1439"]
[BlackElo "1067"]
[PlyCount "41"]
[EventDate "2022.03.10"]
[EventType "swiss"]
[EventRounds "9"]
[EventCountry "IRQ"]
[SourceTitle "EXT 2023"]
[Source "ChessBase"]
[SourceDate "2022.10.05"]
[SourceVersion "1"]
[SourceVersionDate "2022.10.05"]
[SourceQuality "1"]

1. e4 c5 2. Nf3 Nc6 3. d4 cxd4 4. Nxd4 Nf6 5. Nc3 e5 6. Nde2 Bb4 7. f3 0-0 8. Bg5 d6 9. Qd3 Be6 10. a3 Ba5 11. 0-0-0 Bc7 12. Nd5 Na5 13. Nxc7 Qxc7 14. Qxd6 Nb3+ 15. Kb1 Rad8 16. Qxc7 Rxd1+ 17. Nc1 h6 18. Be3 Rc8 19. Qxe5 Re1 20. cxb3 Rxe3 21. Bc4 1-0

[Event "Sousse BICA U16 op 1st"]
[Site "Sousse"]
[Date "2021.12.19"]
[Round "2"]
[White "Al Wardi, Saif"]
[Black "Chakroun, Wael"]
[Result "0-1"]
[WhiteElo "1099"]
[BlackElo "1433"]
[PlyCount "56"]
[EventDate "2021.12.18"]
[EventType "swiss"]
[EventRounds "9"]
[EventCountry "TUN"]
[SourceTitle "CBM 205 Extra"]
[Source "ChessBase"]
[SourceDate "2022.01.31"]
[SourceVersion "1"]
[SourceVersionDate "2022.01.31"]
[SourceQuality "1"]

1. d4 Nf6 2. Bf4 g6 3. Nf3 Bg7 4. e3 d6 5. Nc3 0-0 6. Qd2 Nbd7 7. 0-0-0 c5 8. dxc5 Nxc5 9. Bd3 Bd7 10. h3 Rb8 11. Qe2 Qa5 12. Nd4 e5 13. Bh2 exd4 14. exd4 Nxd3+ 15. Qxd3 Bf5 16. Qd2 Rfd8 17. g4 Bc8 18. f3 b5 19. a3 b4 20. Na2 Nd5 21. Qe1 Qa4 22. Qe4 Be6 23. Rd3 Nf6 24. Qe1 Bxa2 25. Qe7 Bc4 26. Rd2 Nd5 27. Qh4 bxa3 28. bxa3 Qxa3+ 0-1

[Event "TUN-ch U14"]
[Site "Monastir"]
[Date "2021.09.03"]
[Round "5"]
[White "Chakroun, Wael"]
[Black "Jallali, Youssef"]
[Result "1/2-1/2"]
[WhiteElo "1336"]
[BlackElo "1273"]
[PlyCount "29"]
[EventDate "2021.09.01"]
[EventType "swiss"]
[EventRounds "9"]
[EventCountry "TUN"]
[SourceTitle "EXT 2023"]
[Source "ChessBase"]
[SourceDate "2022.10.05"]
[SourceVersion "1"]
[SourceVersionDate "2022.10.05"]
[SourceQuality "1"]

1. e4 e5 2. Nf3 Nc6 3. Bb5 Nf6 4. 0-0 Nxe4 5. d4 Nd6 6. dxe5 Nxb5 7. a4 Nbd4 8. Nxd4 d6 9. exd6 Nxd4 10. Qxd4 Qxd6 11. Qe4+ Qe6 12. Qd4 Qd6 13. Qe4+ Qe6 14. Qd4 Qd6 15. Qe4+ 1/2-1/2